Les daronnes des copains TC - Statistiques

Statistiques générales
  • Ce quiz a été pris 40 fois
  • Le résultat moyen est 3 sur 10
Statistiques - réponses
Hint Réponse % Correct
Jo Muffat Sandrine
52%
Antoine Roussel Sophie
48%
Baptiste Sophie
48%
Antoine Vaux Céline
29%
Tanguy Christine
29%
Jules Marie Maud
29%
Robin Patricia
24%
Mathis Tania
24%
Arthur Nadège
14%
Nikola Zorica
5%
Aucun quiz correspondant
Distribution des résultats
% des personnes avec chaque résultat
Percentile par nombre de réponses
Votre historique - résultats
Vous n’avez pas pris ce quiz